1334 1889 1827 1073 1019 1731 2000 1773 1477 1745 1375 1949 1109 1908 1098 1432 1252 1386 1634 1568 1360 1981 1286 1845 1735 1482 1775 1552 1239 1462 1930 1770 1215 1260 1616 1502 1128 1336 1235 1176 1771 1079 1088 1430 1091 1666 1787 1203 1592 1851 1293 1183 1835 1835 1702 1039 1669 1017 1752 1085 1341 1865 1186 1129 1532 1986 1334 1246 1689 1238 1091 1863 1398 1518 1329 1993 1355 1798 1925 1319 1908 1283 1473 1410 1610 1552 1928 1462 1295 1474 1585 1294 1322 1481 1017 1705 1104 1167 1517 BCNSPRNW ULIB Ver.6.0+V

เปลี่ยนเป็นภาษาไทย

Change to English
 แสดงรายละเอียดบรรณานุกรม
  กลับหน้าหลัก

Brief Record : Get Marc (ISO 2709) : E-mail record : QR code < ปิดหน้าต่าง
LEADER : 00000nam 2200000uu 4500
001    13399123491
003     ULIB
008    140928s2554||||th 000 0 tha d
020    ^a9789741042999 (ล.2)
060 04 ^aWY159^bป199ก ล.2
110 1  ^aมหาวิทยาลัยสุโขทัยธรรมาธิราช. ^bสาขาวิชาพยาบาลศาสตร์
245 00 ^aเอกสารการสอนชุดวิชา การพยาบาลเด็กและวัยรุ่น หน่วยที่ 6-10 =^bNursing care of the child and adolescent /^cสาขาวิชาสาขาวิชาพยาบาลศาสตร์ มหาวิทยาลัยสุโขทัยธรรมาธิราช
246 31 ^aNursing care of the child and adolescent
250    ^aพิมพ์ครั้งที่ 3(ปรับปรุงครั้งที่ 1)
260    ^a[นนทบุรี] :^bสำนักพิมพ์มหาวิทยาลัยสุโขทัยธรรมาธิราช,^c2554
300    ^a3 เล่ม ;^c30 ซม.
500    ^a^"เอกสารการสอนชุดวิชา 51207 หน่วยที่ 6-10
500    ^aสิ่งพิมพ์ของ มหาวิทยาลัยสุโขทัยธรรมาธิราชสาขาวิชาวิทยาศาสตร์สุขภาพ
650  7 ^aการพยาบาลเด็ก
650  7 ^aการพยาบาลวัยรุ่น
945    ^p265^l0^i035901
945    ^p265^l0^i035902
945    ^p265^l0^i035903
945    ^p265^l0^i035904
945    ^p265^l0^i035905
945    ^p265^l0^i035906
945    ^p265^l0^i035907
945    ^p265^l0^i035908
945    ^p265^l0^i035909
945    ^p265^l0^i035910
945    ^p265^l0^i035911
945    ^p265^l0^i035912
945    ^p265^l0^i035913
945    ^p265^l0^i035914
945    ^p265^l0^i035915
999    ^aเกษร โพธิ์สุวรรณ
รายการนี้ยังไม่มีแท็ก
คุณยังไม่ได้ล็อกอิน คุณสามารถมีกิจกรรมร่วมกับเว็บไซต์ได้ แต่ต้องล็อกอินก่อน ::
  ล็อกอิน

รายการสื่อสารสนเทศ

ลำดับที่ ประเภท เลขเรียก/บาร์โค้ด สถานที่ สถานะ
1. Book การพยาบาล
หนังสือสำรอง
สถานะ=หนังสือสำรอง
WY159 ป199ก ล.2 ฉ.1 
  Barcode: 035901
ห้องสมุดวิทยาเขตสวรรค์ประชารักษ์
►ส่วนจัดเก็บหนังสือเก่า สปร
บนชั้น
  ขอยืม
2. Book การพยาบาล
Book การพยาบาล
WY159 ป199ก ล.2 ฉ.10 
  Barcode: 035910
ห้องสมุดวิทยาเขตสวรรค์ประชารักษ์
►หนังสือทั่วไป
บนชั้น
3. Book การพยาบาล
Book การพยาบาล
WY159 ป199ก ล.2 ฉ.11 
  Barcode: 035911
ห้องสมุดวิทยาเขตสวรรค์ประชารักษ์
►หนังสือทั่วไป
บนชั้น
4. Book การพยาบาล
Book การพยาบาล
WY159 ป199ก ล.2 ฉ.12 
  Barcode: 035912
ห้องสมุดวิทยาเขตสวรรค์ประชารักษ์
►หนังสือทั่วไป
บนชั้น
5. Book การพยาบาล
Book การพยาบาล
WY159 ป199ก ล.2 ฉ.13 
  Barcode: 035913
ห้องสมุดวิทยาเขตสวรรค์ประชารักษ์
►หนังสือทั่วไป
บนชั้น
6. Book การพยาบาล
Book การพยาบาล
WY159 ป199ก ล.2 ฉ.14 
  Barcode: 035914
ห้องสมุดวิทยาเขตสวรรค์ประชารักษ์
►ส่วนจัดเก็บหนังสือเก่า สปร
บนชั้น
  ขอยืม
7. Book การพยาบาล
Book การพยาบาล
WY159 ป199ก ล.2 ฉ.15 
  Barcode: 035915
ห้องสมุดวิทยาเขตสวรรค์ประชารักษ์
►ส่วนจัดเก็บหนังสือเก่า สปร
บนชั้น
  ขอยืม
8. Book การพยาบาล
Book การพยาบาล
WY159 ป199ก ล.2 ฉ.2 
  Barcode: 035902
ห้องสมุดวิทยาเขตสวรรค์ประชารักษ์
►ส่วนจัดเก็บหนังสือเก่า สปร
บนชั้น
  ขอยืม
9. Book การพยาบาล
Book การพยาบาล
WY159 ป199ก ล.2 ฉ.3 
  Barcode: 035903
ห้องสมุดวิทยาเขตสวรรค์ประชารักษ์
►ส่วนจัดเก็บหนังสือเก่า สปร
บนชั้น
  ขอยืม
10. Book การพยาบาล
Book การพยาบาล
WY159 ป199ก ล.2 ฉ.4 
  Barcode: 035904
ห้องสมุดวิทยาเขตสวรรค์ประชารักษ์
►ส่วนจัดเก็บหนังสือเก่า สปร
บนชั้น
  ขอยืม
11. Book การพยาบาล
Book การพยาบาล
WY159 ป199ก ล.2 ฉ.5 
  Barcode: 035905
ห้องสมุดวิทยาเขตสวรรค์ประชารักษ์
►ส่วนจัดเก็บหนังสือเก่า สปร
บนชั้น
  ขอยืม
12. Book การพยาบาล
Book การพยาบาล
WY159 ป199ก ล.2 ฉ.6 
  Barcode: 035906
ห้องสมุดวิทยาเขตสวรรค์ประชารักษ์
►หนังสือทั่วไป
บนชั้น
13. Book การพยาบาล
Book การพยาบาล
WY159 ป199ก ล.2 ฉ.7 
  Barcode: 035907
ห้องสมุดวิทยาเขตสวรรค์ประชารักษ์
►ส่วนจัดเก็บหนังสือเก่า สปร
บนชั้น
  ขอยืม
14. Book การพยาบาล
Book การพยาบาล
WY159 ป199ก ล.2 ฉ.8 
  Barcode: 035908
ห้องสมุดวิทยาเขตสวรรค์ประชารักษ์
►หนังสือทั่วไป
บนชั้น
15. Book การพยาบาล
Book การพยาบาล
WY159 ป199ก ล.2 ฉ.9 
  Barcode: 035909
ห้องสมุดวิทยาเขตสวรรค์ประชารักษ์
►ส่วนจัดเก็บหนังสือเก่า สปร
บนชั้น
  ขอยืม

รายการใกล้เคียง
    หัวเรื่อง [การพยาบาลเด็ก]
    หัวเรื่อง [การพยาบาลวัยรุ่น]

BibComment


ยังไม่เคยถูกคอมเมนท์

คอมเมนท์ทรัพยากรรายการนี้
  คอมเมนท์: เอกสารการสอนชุดว..


 Copyright 2026. Bcnsprnw @Library